Biggest Cities of Spanish America in 1775 with a Map - Statistics

General Stats
  • This quiz has been taken 574 times
  • The average score is 24 of 43
Answers on the Map
Answers color-coded by a green-red scale on the quiz's map according to % correct below.
 
Answer Stats
Population Cities % Correct
113k Mexico City
99%
48k Lima
98%
43k Havana
97%
19k Santa Fe de Bogotá
95%
24k Caracas
94%
10k Panama City
94%
20k Santiago de Chile
94%
19k Santiago de Cuba
94%
24k Quito
93%
15k Santo Domingo
92%
24k Buenos Aires
91%
19k La Paz
88%
22k Guadalajara
81%
12k San Salvador
79%
40k Cuzco
78%
14k La Plata
76%
22k Guayaquil
73%
68k Puebla
69%
10k Maracaibo
68%
13k Cartagena
65%
26k Mérida
65%
15k Veracruz
62%
13k León
52%
23k Oaxaca
52%
28k Arequipa
48%
10k Santa Cruz
46%
25k Potosí
42%
21k Cochabamba
39%
16k Querétaro
30%
10k Barquisimeto
24%
18k Puerto Principe
24%
15k Cuenca
23%
30k Zacatecas
23%
38k Guanajuato
22%
15k Valladolid
22%
12k Oruro
19%
15k Xalapa
17%
12k Cajamarca
15%
25k Huamanga
14%
11k Quetzaltenango
12%
15k Comayagua
8%
13k Huancavelica
8%
18k Riobamba
8%
No matching quizzes found
Score Distribution
Percent of People with Each Score
Percentile by Number Answered
Your Score History
You have not taken this quiz